| 000 | 00721nam a2200205Ia 4500 | ||
|---|---|---|---|
| 008 | 130821s1964 xxua gr eng | ||
| 040 |
_aCo-BoUCM _bspa |
||
| 041 | 0 | 0 | _aeng |
| 100 | 1 |
_aYamane, Taro _9113157 |
|
| 245 | 1 | 0 |
_aStatistics, an introductory analysis _cTaro Yamane |
| 260 |
_aNueva York (Estados Unidos) _bHarper & Row _c1964 |
||
| 300 |
_axvi, 734 páginas _bilustraciones, gráficas _efolleto (apendice de tablas) |
||
| 500 | _aDonación Dr. Álvaro Daza Roa. | ||
| 500 | _aIncluye índice. | ||
| 650 | 0 | 4 |
_aAnálisis matemático _99008 |
| 650 | 0 | 4 |
_aEstadística matemática _914994 |
| 650 | 0 | 4 |
_aMatemáticas _919031 |
| 942 |
_cLIBRO _a25 _e1 _mY197s _2DEWEY _h519.5 |
||
| 999 |
_c71499 _d71499 |
||